000 00869nam a2200265Ia 4500
003 OSt
005 20220927110332.0
006 a|||||r|||| 00| 0
007 ta
008 220926b |||||||| |||| 00| 0 eng d
024 _a137457
037 _cReference Collections
040 _aRTL
_cRTL
_beng
041 _2eng
_aeng
082 _a"V20j43pN66, K8"
100 _aSarkar Bidyut
_9376148
111 _aSeminar On India And Southeast Asia (1966 : New Delhi)
_9376149
245 0 _aIndia and Southeast Asia
_b Proceedings of Seminar on India and Southeast Asia Bidyut Sarkar
260 _aNew
_bDelhi Indian Council for Cultural Relation India
_c1968
300 _aP.134
_ccm.
500 _aAppendix:P127-34
650 _aIndian History
_9376150
942 _h"V20j43pN66, K8"
_cCC
999 _c695544
_d695544